La sal de Colombia (Registro nro. 9401)

Detalles MARC
000 -CABECERA
Longitud fija campo de control 01034nam a2200301 i 4500
003 - IDENTIFICADOR DEL NUMERO DE CONTROL
Identificador del número de control CO-BoRNBP
005 - FECHA Y HORA DE LA ULTIMA TRANSACCION
Fecha y hora de la última transacción 20230417131548.0
007 - CAMPO FIJO DE DESCRIPCION FISICA
Campo fijo de descripción física ta
008 - CODIGOS DE INFORMACION DE LONGITUD FIJA
Códigos de información de longitud fija 200325s2007 ck ab 000 0 spa d
020 ## - NUMERO INTERNACIONAL NORMALIZADO PARA LIBROS
Número Internacional Normalizado para Libros (ISBN) 9789587045604
040 ## - FUENTE DE LA CATALOGACION
Centro catalogador de origen CO-BoRNBP
Lengua de catalogación spa
Normas de descripción rda
Centro transcriptor CO-BoRNBP
041 0# - CODIGO DE LENGUA
Código de lengua del texto/banda sonora o título independiente spa
043 ## - CODIGO DE AREA GEOGRAFICA
Código de área geográfica s-ck---
082 04 - NUMERO DE LA CLASIFICACION DECIMAL DEWEY
Número de clasificación (R) 622.3632
Número del ítem C17s
Número de edición 23
100 1# - PUNTO DE ACCESO PRINCIPAL-NOMBRE DE PERSONA
Nombre de persona Castro Caycedo, Gustavo
Término indicativo de función autor
245 13 - TITULO PROPIAMENTE DICHO
Título La sal de Colombia
Mención de responsabilidad, etc. textos de Gustavo Castro Caycedo ; fotografías de Nicolás Quevedo
250 ## - MENCION DE EDICION
Mención de edición Primera edición
264 #1 - PRODUCCION, PUBLICACION , DISTRIBUCION, FABRICACION Y COPYRIGHT
Lugar de producción, publicación, distribución, fabricación Bogotá, Colombia
Nombre del productor, editor, distribuidor, fabricante IFI - Concesión de Salinas
Fecha de de producción, publicación, distribución, fabricación o copyright 2007
300 ## - DESCRIPCION FISICA
Extensión 287 páginas
Otras características físicas ilustraciones, fotografías a color
Dimensiones 32 cm
336 ## - TIPO DE CONTENIDO
Término de tipo de contenido texto
Código de tipo de contenido txt
Fuente rdacontent
337 ## - TIPO DE MEDIO
Nombre del tipo de medio sin mediación
Código del tipo de medio n
Fuente rdamedia
338 ## - TIPO DE SOPORTE
Nombre del tipo de soporte volumen
Código del tipo de soporte nc
Fuente rdacarrier
504 ## - NOTA DE BIBLIOGRAFIA, ETC
Nota de bibliografía, etc. Incluye referencias bibliográficas
650 17 - PUNTO DE ACCESO ADICIONAL DE MATERIA - TERMINO DE MATERIA
Término de materia o nombre geográfico como elemento inicial Sal
Subdivisión de materia general Producción
Subdivisión geográfica Colombia
Fuente del encabezamiento ARMARC
650 17 - PUNTO DE ACCESO ADICIONAL DE MATERIA - TERMINO DE MATERIA
Término de materia o nombre geográfico como elemento inicial Salinas
Subdivisión de materia general Historia
Subdivisión geográfica Colombia
Fuente del encabezamiento ARMARC
700 1# - PUNTO DE ACCESO ADICIONAL - NOMBRE DE PERSONA
Nombre de persona Quevedo, Nicolás
Término indicativo de función fotógrafo
942 ## - ENTRADA DE ELEMENTOS AGREGADOS (KOHA)
Koha [por defecto] tipo de item LIbro
Existencias
Perdido Fuente de clasificación o esquema Estado Físico No para préstamo Forma de adquisición Localización permanente Localización actual Localización en estanterías Fecha adquisición Préstamos totales Signatura completa Código de barras Fecha última consulta Número de copia Fecha del precio de reemplazo Tipo de item de Koha Note pública
  Dewey Decimal Classification     Colección General Biblioteca Pública Restrepo Biblioteca Pública Restrepo General 07/22/2025   622.3632 C17s RES00667 07/22/2025 Ej.1 07/22/2025 LIbro  
        Sala General Biblioteca Pública Departamental Eduardo Carranza - Villavicencio Biblioteca Pública Departamental Eduardo Carranza - Villavicencio General 05/25/2010   553.632 C17s ECA19271 11/26/2024 Ej.2 11/26/2024 LIbro 13940 | 18401
        Sala General Biblioteca Pública Departamental Eduardo Carranza - Villavicencio Biblioteca Pública Departamental Eduardo Carranza - Villavicencio General 07/17/2009   553.632 C17s ECA18865 11/26/2024 Ej.1 11/26/2024 LIbro 13940 | 18400
  Dewey Decimal Classification     Colección General Biblioteca Pública Guamal Biblioteca Pública Guamal General 04/17/2023   622.3632 C17s GUA003152 04/17/2023 Ej.1 04/17/2023 LIbro  
  Dewey Decimal Classification       Biblioteca Pública La Macarena Biblioteca Pública La Macarena General 02/19/2026   622.3632 C17s LM03356 02/19/2026 Ej.1 02/19/2026 LIbro  
  Dewey Decimal Classification     Colección General Biblioteca Pública Puerto Concordia Biblioteca Pública Puerto Concordia General 01/20/2026   622.3632 C17s PCON00224 01/20/2026 Ej.1 01/20/2026 LIbro  









Instituto Departamental de Cultura del Meta - Red Departamental de Bibliotecas Públicas del Meta.